| 000 | 00871nam a22002537a 4500 | ||
|---|---|---|---|
| 999 |
_c19259 _d19259 |
||
| 001 | 14192661 | ||
| 003 | OSt | ||
| 005 | 20210114123326.0 | ||
| 008 | 161005b xxu||||| |||| 00| 0 eng d | ||
| 010 | _a 2005035532 | ||
| 020 | _a0415396816 (hardcover : alk. paper) | ||
| 020 | _a9780415396813 (hardcover : alk. paper) | ||
| 040 |
_aMMU _cMMU _dMMU _beng |
||
| 050 | 0 | 0 |
_aTE210.4 _b.E96 2006 |
| 245 | 0 | 0 |
_aExpansive soils : _brecent advances in characterization and treatment / _ceditors, Amer Ali Al-Rawas, Mattheus F.A. Goosen. |
| 260 |
_aLondon ; _aNew York : _bTaylor & Francis, _cc2006. |
||
| 300 |
_axii, 526 p. : _bill., maps ; _c26 cm. |
||
| 500 | _aIncludes bibliographical references and index. | ||
| 650 | 0 | _aSoil consolidation. | |
| 650 | 0 | _aSwelling soils. | |
| 700 | 1 | _aAl-Rawas, Amer Ali. | |
| 700 | 1 | _aGoosen, Mattheus F. A. | |
| 942 |
_2lcc _cLOAN LOAN |
||